000
00297pab a2200121 454500
008
180718b xxu||||| |||| 00| 0 eng d
100
_a
Limaye Madhu
245
_a
Welter of judicial decisions
362
_a
20 Apr 1994, p.8
650
_a
Justice, Administration Of
773
_a
Hindu
909
_a
26848
999
_c
26848
_d
26848